Текст томруулах:    
Public choices and policy change (Бичлэгийн дугаар. 146824)
000 -УДИРДЛАГА
Удирдлага 00714nam a22002417a 4500
003 - ХЯНАЛТЫН ТОО ТОДОРХОЙЛОГЧ
Код MN-UlNUM
005 - БИЧИЛТ ХИЙСЭН ОГНОО
Тухайн бичилтийг бичсэн засварласан сүүлийн огноо 20260401165107.0
008 - ЕРӨНХИЙ МЭДЭЭЛЭЛ
Ерөнхий мэдээлэл 260401s1991 mdua b 001 0 eng
020 ## - ISBN
ISBN 0801841550
-- 0801841569
040 ## - БИЧЛЭГ ҮҮСГЭГЧ БАЙГУУЛЛАГА
Бичлэг үүсгэгч номын сангийн код МУИС-ийн номын сан
084 ## - ББК АНГИЛАЛ
Нэмэлт тусгалт Нэг сэдэвт бүтээл
ББК ангилал 65.01
Зохиогчийн гурван тэмдэгт G 83
Мэдлэгийн ялгаа 65 - Эдийн засаг
100 ## - ЗОХИОГЧ
Зохиогчийн нэр Grindle, Merilee Serrill
245 ## - ҮНДСЭН ГАРЧИГ
Номын нэр Public choices and policy change
Бага гарчгийн мэдээ The political economy of reform in developing countries
260 ## - ГАРАЛТЫН МЭДЭЭ
Хэвлэгдсэн газар Baltimore
Хэвлэлийн газар Johns Hopkins University Press
Хэвлэгдсэн он 1991
300 ## - МАТЕРИАЛЫН ТОДОРХОЙЛОЛТ
хуудасны тоо xvi, 222 p. :
Бусад тоон мэдээлэл ill. ;
Хэмжээ 24 cm
500 ## - Тайлбар
Дансны дугаар БС 4473
546 ## - ХЭЛНИЙ ТУХАЙ МЭДЭЭ
Хэл Англи хэл дээр,
653 ## - Түлхүүр үг
Түлхүүр үг policy sciences
653 ## - Түлхүүр үг
Түлхүүр үг developing countries
653 ## - Түлхүүр үг
Түлхүүр үг decision making
942 ## - ЭЛЕМЕНТИЙН ТӨРӨЛ
Зүйлийн төрөл Ном